000 01764cam a2200457 i 4500
001 xx003362490
003 NUKAT
005 20260311232415.0
008 150211s1932 pl g |000 0 pol c
035 _a(OCoLC)891261017
035 _a(NUKAT)xx003362490
040 _aKAT U/23BB
_bpol
_erda
_cKAT U/23BB
_dKAT U/TK
_dOLSZT 008/AL
041 1 _apol
_hfre
100 1 _aPascal, Blaise
_d(1623-1662).
_eAutor
_916931
240 1 0 _aPensées
_l(pol.)
245 1 0 _aMyśli i pomniejsze pisma.
_nT. 2 /
_cPascal ; przełożył i wstępem opatrzył Tadeusz Żeleński (Boy).
250 _aWydanie nowe.
260 _aWarszawa :
_bBibljoteka Boya,
_c[1932]
_e(Warszawa :
_fDrukarnia Zakładów Wydawniczych M. Arct).
300 _a234, [1] strona ;
_c21 cm.
336 _aTekst
_btxt
_2rdacontent
337 _aBez urządzenia pośredniczącego
_bn
_2rdamedia
338 _aWolumin
_bnc
_2rdacarrier
380 _aKsiążki
388 1 _a1601-1700
490 1 _aBibljoteka Boya : arcydzieła literatury francuskiej
500 _aRok wydania według BN.
530 _aDostępne również w formie elektronicznej.
648 7 _a1601-1700
_2DBN
_936034
650 7 _aApologetyka
_2DBN
_937955
650 7 _aFilozofia chrześcijańska
_2DBN
_937956
650 7 _aTeologia katolicka
_2DBN
_935194
650 7 _aFilozofia chrześcijańska
_y17 w.
_2kaba
_937958
650 7 _aApologetyka
_y17 w.
_2kaba
_937959
658 _aFilozofia i etyka
658 _aReligia i duchowość
700 1 _aŻeleński, Tadeusz
_d(1874-1941).
_eTłumaczenie
_eWstęp
_936097
710 2 _aBiblioteka Boya.
_eWydawca
_4pbl
_937961
830 0 _aBiblioteka Boya (Warszawa ; 1930)
_937960
856 4 1 _uhttps://polona.pl/preview/f4629a53-4c65-46f6-86e0-976ef8c0ddf5
942 _2ddc
_cBK_NM
999 _c26967
_d26967